00513nam a22001577a 450000500170000000800410001702000150005804100130007308200150008610000450010124500830014625000200022926000470024930000330029665000260032920240110092448.0240110b |||||||| |||| 00| 0 eng d a0702129283 aEnglish  a346.7 CAN  aForsyth, CF and Pretorius, JT lEnglish  acaney's The Law of Suretyship in South Africa / cCF Forsyth and JT Pretorius  aFourth Edition  aCape Town : bJuta and Company Ltd, c1992 bxxi, 216 pages ; c25,5 cm.  aLegal practice bLaw